Introduction to linear programming processes /

Bibliographic Details
Main Author: Di Roccaferrera, Giuseppe Maria Ferrero
Format: Book
Language:English
Published: Cincinnati : South-western Pub. Co., [1967]
Subjects:

MARC

Tag First Indicator Second Indicator Subfields
LEADER 00000cam a22000001 4500
001 in00000071835
005 20151008062421.0
008 740606s1967 ohua b 00000 eng
010 |a  67024068  
035 |a (OCoLC)00359061 
035 |9 AAK0184AM 
040 |a DLC  |c DLC  |d TXA  |d UtOrBLW 
049 |a TXAM  |c 1 [471252], 2 [1500846] 
050 0 0 |a QA265  |b .D5 1967 
082 0 |a 519/.92 
100 1 |a Di Roccaferrera, Giuseppe Maria Ferrero. 
240 1 0 |a Operations research models for business and industry 
245 1 0 |a Introduction to linear programming processes /  |c by Giuseppe M. Ferrero di Roccaferrera. 
264 1 |a Cincinnati :  |b South-western Pub. Co.,  |c [1967] 
300 |a xix, 672 pages :  |b illustrations ;  |c 24 cm. 
336 |a text  |b txt  |2 rdacontent 
337 |a unmediated  |b n  |2 rdamedia 
338 |a volume  |b nc  |2 rdacarrier 
500 |a "An abridgement of [the author's] Operations research models for business and industry." 
504 |a Bibliography: pages 641-653. 
650 0 |a Linear programming. 
650 0 |a Operations research. 
740 0 |a Linear programming processes. 
999 |a MARS 
999 f f |s 00cdeb3b-90e3-337e-9152-047729e1a5f2  |i 5aeb8d1b-2586-3210-b82f-a2b069b304f1  |t 0 
952 f f |p ric  |a Texas A&M University  |b Rellis Campus  |c Joint Library Facility  |d Remote Storage  |t 0  |e QA265 .D5 1967  |h Library of Congress classification  |i unmediated -- volume  |m A14806203695 
998 f f |a QA265 .D5 1967  |t 0  |l Remote Storage